Score 0/20 Timer 06:00
4 Plays Today
% Correct
The Grinch
93.4%
Matilda
91.7%
March of the Penguins
91.1%
Black Panther
90.8%
Elf
90.4%
Power Rangers
90.1%
Rogue One
89.2%
Robin Hood
88.2%
Space Jam
88.2%
A Million Ways to Die in the West
88.1%
% Correct
Cat on a Hot Tin Roof
87.9%
Deadpool
87.7%
Jurassic World
86.2%
Zootopia
85.7%
The Money Pit
83%
Free State of Jones
82%
Mary Poppins
81.7%
Fantasia
81.6%
Krampus
80.5%
Into the Woods
77.3%
Remove Ads.
Support Sporcle.
Get the best of Sporcle when you Go Orange. This ad-free experience offers more features, more stats, and more fun while also helping to support Sporcle. Thank you for becoming a member.

You're not logged in!

Compare scores with friends on all Sporcle quizzes.
OR
Log In

Show Comments

Extras

Top Quizzes Today


Score Distribution

Your Account Isn't Verified!

In order to create a playlist on Sporcle, you need to verify the email address you used during registration. Go to your Sporcle Settings to finish the process.

Report this User

Report this user for behavior that violates our Community Guidelines.

Details: